Bilecik Bilecik Bilecik Bilecik Bilecik

The essence of Rumi's Masnevi : (Record no. 13467)

MARC details
000 -BAŞLIK
Sabit Uzunluktaki Kontrol Alanı 01115nam a22003497a 4500
001 - KONTROL NUMARASI
Control Dosyası 0013503
003 - KONTROL NUMARASI KİMLİĞİ
Kontrol Alanı KOHA_MİRAKIL
005 - EN SON İŞLEM TARİHİ ve ZAMANI
Kontrol Alanı 20260207001921.0
007 - FİZİKSEL TANIM SABİT ALAN - GENEL BİLGİ
Sabit uzunluklu kontrol alanı ta
008 - SABİT UZUNLUKTAKİ VERİ ÖGELERİ - GENEL BİLGİ
Sabit Alan 100217b2002 tu |||gr||||#0|||1|eng |
020 ## - ISBN - ULUSLARARASI STANDART KİTAP NUMARASI
Isbn 9751729475
Kullanılabilirlik koşulları 12
040 ## - KATALOGLAMA KAYNAĞI
Özgün Kataloglama Kurumu TR-BiSEU
Kataloglama Dili tur
Çeviri Kurumu TR-BiSEU
Açıklama Kuralları rda
041 0# - DİL KODU
Metin ya da ses kaydının dil kodu eng
044 ## - YAYINLAYAN/ÜRETEN KURULUŞUN ÜLKE KODU
ISO country code tu
050 ## - SINIFLAMA ve YER NUMARASI
Sınıflama Numarası PK6481.M9
Yer Numarası T87 2002
100 1# - KİŞİ ADI
Yazar Adı (Kişi adı) Türkmen, Erkan.
245 14 - ESER ADI BİLDİRİMİ
Başlık The essence of Rumi's Masnevi :
Alt Eseradı vb. Including his life and works/
Sorumluluk Bildirimi Erkan Türkmen ; Erkan Türkmen.
264 #1 - ÜRERİM, YAYIN, DAĞITIM ve TELİF BİLDİRİMİ
Yayın yeri Ankara :
Yayınlayan Ministry of Culture
Yayın tarihi 2002
300 ## - FİZİKSEL TANIMLAMA
Sayfa, Cilt vb. Xİ, 371 pages; 20 cm.
336 ## - İÇERİK TÜRÜ
Content type term metin
Content type code txt
Source rdacontent
337 ## - MEDYA TÜRÜ
Media type term aracısız
Media type code n
Source rdamedia
338 ## - TAŞIYICI TÜRÜ
Carrier type term cilt
Carrier type code nc
Source rdacarrier
490 1# - DİZİ BİLDİRİMİ
Dizi Bildirimi Publications of the Ministry of Culture ;
Cilt Numarası 2969.
490 1# - DİZİ BİLDİRİMİ
Dizi Bildirimi Directorate of Publications.
490 1# - DİZİ BİLDİRİMİ
Dizi Bildirimi Culture series ;
Cilt Numarası 386
500 ## - GENEL NOT
Genel Not Kaynakça ve dizin var.
830 1# - SERİ EK GİRİŞİ - TEKBİÇİM ESER ADI
Tekbiçim Başlık Publications of the Ministry of Culture ;
Volume number/sequential designation 2969.
9 (RLIN) 31751
830 1# - SERİ EK GİRİŞİ - TEKBİÇİM ESER ADI
Tekbiçim Başlık Directorate of Publications.
9 (RLIN) 31752
830 1# - SERİ EK GİRİŞİ - TEKBİÇİM ESER ADI
Tekbiçim Başlık Culture series ;
Volume number/sequential designation 386
9 (RLIN) 31753
907 ## - LOCAL DATA ELEMENT G, LDG (RLIN)
a Şiir
942 ## - EK GİRİŞ ÖGELERİ (KOHA)
Source of classification or shelving scheme Library of Congress Classification
Koha item type Book
Holdings
Materyal Türü Kalıcı Konum Mevcut Konum Raf Yeri Sınıflandırma Kaynağı Edinim Bilgisi Ana Konular Alt Konular Yer Numarası Demirbaş Numarası Fatura Tarihi Maliyet, Alış Fiyatı Maliyet, Yenileme Fiyatı Geri Çekilme Durumu Kayıp Durumu Hasarlı Durumu Kredi için değil Kayıt Tarih Toplam Ödünçverme Son Görülme Tarihi Son Kontrol Tarihi Genel / Bağış Notu
Book Prof. Dr. Azmi Özcan Kütüphanesi Prof. Dr. Azmi Özcan Kütüphanesi Birûni Salonu Library of Congress Classification Bağış DİL VE EDEBİYAT Hint-İran Dilleri ve Edebiyatları PK6481.M9 T87 2002 0013503 13/08/2010 12.00 12.00         17/02/2010   05/12/2024 05/12/2024 Genel Bağış